00559nam a2200157Ia 4500003000900000008004100009040001600050080001600066100001700082245019100099260003600290300001500326650002400341650001900365650001700384IN-BaIIA211028s9999 xx 000 0 eng d cIIA Library a083:51bCHA aPryde, James 0aChambers's seven-figure mathematical tablesbconsisting of logarithms of numbers 1 to 100000 trigonometrical, nautical & other tablescPryde, James  aBombaybAllied Publishersc1958 axxv, 312p. aMathematical tables aNASA thesaurus aTables(Data)